01523cam a2200373 a 45000010009000000050017000090080041000260100017000670150019000840160018001030200015001210200015001360200015001510200018001660200018001840200018002020350013002200350020002330400066002530500021003190820018003401000024003582450082003822500012004642600044004763000025005205040066005455050342006116500028009536500026009816500032010077000027010398560083010661472604420260502095444.0070206s2007 enk b 001 0 eng  a 2007005419 aGBA7304902bnb7 a0137304572Uk a0415396042 a0415396050 a0203944763 a9780415396042 a9780415396059 a9780203944769 a14726044 a(OCoLC)82473639 cIRDPdBTCTAdBAKERdUKMdBWKUKdYDXCPdBWKdOCLCAdNLGGCdDLC00aGN345b.H35 2007 2305.800 1 HAM1 aHammersley, Martyn.10aEthnography :bprinciples in practice /cMartyn Hammersley and Paul Atkinson. a3rd ed. aLondon ;aNew York :bRoutledge,c2007. axi, 275 p. ;c25 cm. aIncludes bibliographical references (p. [237]-266) and index.0 aWhat is ethnography? -- Research design : problems, cases, and samples -- Access -- Field relations -- Oral accounts and the role of interviewing -- Documents and other artefacts, real and virtual -- Recording and organizing data -- The process of analysis -- Writing ethnography -- Ethics -- Epilogue : a distinctive analytic mentality. 0aEthnologyxMethodology. 0aEthnologyxFieldwork. 0aSocial sciencesxFieldwork.1 aAtkinson, Paul,d1947-413Table of contents onlyuhttp://www.loc.gov/catdir/toc/ecip0710/2007005419.html